| 000 | 00840nam a2200253 a 4500 | ||
|---|---|---|---|
| 001 | 000035696 | ||
| 003 | DO-SdBNP | ||
| 005 | 20260212142300.0 | ||
| 007 | ta | ||
| 008 | 111108s2011 dr a r 001 p spa d | ||
| 020 | _a9789945475098 | ||
| 040 |
_aDO-SdBNP _bspa _cBNPHU |
||
| 082 | 4 |
_aRD861.44 _bC117t _222 |
|
| 100 |
_aCabrera, Fernando, _d1964- _924611 |
||
| 245 | 1 | 0 |
_aTrébol de cuatro hojas : _bpoesía reunida / _cFernando Cabrera. |
| 260 |
_aSanto Domingo, : _bEdiciones Ferilibro, _c2011. |
||
| 300 |
_a499 p. : _bilustraciones ; _c23 cm. |
||
| 505 | 0 |
_tDestierros. Curriculum vitae -- _tÁngel de seducción -- _tEl árbol -- _tPlanos del ocio. |
|
| 590 | _aInventariado, 2018/BT | ||
| 650 | 4 |
_aPoesía dominicana _966 |
|
| 650 | 0 |
_aLiteratura dominicana. _967 |
|
| 910 | _aValidado. Control de calidad. EMS | ||
| 942 |
_2ddc _cLBS1 |
||
| 999 |
_c35187 _d35187 |
||